000 00401nam a22001457a 4500
008 190705b xxu||||| |||| 00| 0 eng d
020 _a9780439394918
050 _aPZ 7
_b.R5996Cav 2002.
100 _aEmily Rodda
245 _aCavern of the fear/ 650
_cEmily Rodda
260 _aNew York:
_bScholastic Inc.
_c2002.
300 _a143 p. : 190 cm.
440 _aDeltora Shadowland
942 _2lcc
_cBK
999 _c361939
_d361939